000 00457cam a2200181ua 4500
001 3585
008 111118n ii |||gr||||Z||||||asm
040 _cMAIN
082 _a920
100 1 _aGohain, Hiren,
245 1 1 _aBotahot kor godhuli gopal
_cby Hiren Gohain
250 _a1st.
260 _aGuwahati:
_bPodatik Publication,
_c2005.
300 _a238p:
_c23cm.
653 _aBiography
653 _aBiography of Botahot kor godhuli gopal
942 _cBK
999 _c3426
_d3426